Фінансовий облік (Запис № 368827)

МАРК-запис
000 -Лідер
fixed length control field 01974nam a22002537a 4500
001 - Контрольний номер
control field 82527
003 - Ідентифікатор контрольного номера
control field UA-OsUOA
005 - Дата та час останнього входження (трансакції)
control field 20230504161324.0
007 - Фіксоване поле фізичного опису
fixed length control field ta
008 - Елементи даних фіксованої довжини – загальна інформація
fixed length control field 20120307b un ||||| |||| 00| 0 ukr d
020 ## - Міжнародний стандартний книжковий номер (ISBN)
Міжнародний стандартний книжковий номер (ISBN) (НП) 978-966-364-994-8
040 ## - Джерело каталогізації
Агенція оригінальної каталогізації UA-OsUOA
Мова каталогізації ukr
Агенція, яка здійснювала перезапис UA-OsUOA
Агенція, яка здійснювала модифікацію UA-OsUOA
041 ## - Код мови
Код мови тексту/ звукової доріжки чи окремого заголовка (П) ukr
080 ## - Індекс Універсальної десяткової класифікації
Індекс Універсальної десяткової класифікації (УДК) (НП) 657.1(075.8)
090 ## - Локальний шифр розміщення
Класифікаційний індекс УДК 657.1(075.8)
245 ## - Відомості про назву
Назва (НП) Фінансовий облік
Решта назви (НП) навч. посіб.
Дані про відповідальність (НП) за ред. Орлової В. К., Орлів М. С., Хома С.В.
260 ## - Публікація, розповсюдження і т.п. (Вихідні дані)
Місце публікації, розповсюдження і т.п. (П) К.
Ім’я/ наймення видавництва, розповсюджувача і т.п. (П) ЦУЛ
Дата публікації, розповсюдження і т.п. (П) 2010
300 ## - Фізичний опис
Обсяг 510 с.
520 ## - Резюме і т.п.
Резюме, реферат, анотація, тощо (НП) Навчальний посібник дає можливість забезпечити навчальний процес студентів спе­ціальностей «Облік і аудит» та «Фінанси» із дисциплін «Фінансовий облік», «Фінансовий облік І», «Фінансовий облік ІІ», «Звітність підприємства» та «Фінансова звітність». У навчальному посібнику послідовно викладено теоретичний матеріал з практич­ними прикладами обліку необоротних активів, грошових коштів та розрахунків із дебі­торами, фінансових інвестицій, запасів, власного капіталу, зобов’язань, доходів і витрат, курсових різниць, операцій у валюті, податку на прибуток, а також наведено порядок складання фінансової звітності підприємства.
650 #7 - Додаткове предметне введення – тематичний термін
Тематичний термін чи географічна назва, як елемент введення (НП) 657 Бухгалтерія. Бухгалтерський облік. Рахівництво
Джерело заголовка чи терміна UDC
942 ## - Додаткові елементи входу (Коха)
Тип елемента Koha Книги
Source of classification or shelving scheme Universal Decimal Classification
955 ## - Код типу видання за змістом
Код типу видання за змістом (НП) Навчальні видання
Фонди
Стан вилучень Стан втрат Джерело класифікації або схеми стелажів Стан уражень Не для кредиту Постійне місце розташування Поточне розміщення Дата придбання Джерело придбання Вартість, звичайна ціна покупки Інвентарний номер Усього замовленно Повний номер виклику Штрих-код Дата останнього перегляду Ціна ефективна від Тип елемента Koha
    Universal Decimal Classification     ЧЗ - Читальна зала ЧЗ - Читальна зала 10/06/2011 33/2011 52.00 131355   657.1(075.8) Ф68 131355 08/02/2022 10/06/2011 Книги
    Universal Decimal Classification     ЧЗ - Читальна зала ЧЗ - Читальна зала 07/03/2012 25/2012 65.00 137463     137463 08/02/2022 07/03/2012 Книги